The World in arms : timeframe AD 1900-1925 (Record no. 68412)

000 -LEADER
fixed length control field 00488nam a22001817a 4500
003 - CONTROL NUMBER IDENTIFIER
control field NUST - PNEC
005 - DATE AND TIME OF LATEST TRANSACTION
control field 20170116181052.0
008 - FIXED-LENGTH DATA ELEMENTS--GENERAL INFORMATION
fixed length control field 150929b xxu||||| |||| 00| 0 eng d
020 ## - INTERNATIONAL STANDARD BOOK NUMBER
International Standard Book Number 0705409872
040 ## - CATALOGING SOURCE
Transcribing agency LIBRARY
082 ## - DEWEY DECIMAL CLASSIFICATION NUMBER
Classification number 909.821 TIM
100 ## - MAIN ENTRY--PERSONAL NAME
9 (RLIN) 11822
Personal name Time-life books
245 ## - TITLE STATEMENT
Title The World in arms : timeframe AD 1900-1925
Statement of responsibility, etc. Time-Life Books
260 ## - PUBLICATION, DISTRIBUTION, ETC.
Place of publication, distribution, etc. U.S.A.
Date of publication, distribution, etc. c1990.
300 ## - PHYSICAL DESCRIPTION
Extent 178 p.:
650 ## - SUBJECT ADDED ENTRY--TOPICAL TERM
9 (RLIN) 11913
Topical term or geographic name entry element Military history, modem
General subdivision General
942 ## - ADDED ENTRY ELEMENTS (KOHA)
Source of classification or shelving scheme
Koha item type Book
Holdings
Withdrawn status Lost status Source of classification or shelving scheme Damaged status Not for loan Permanent Location Current Location Shelving location Date acquired Total Checkouts Full call number Barcode Date last seen Price effective from Koha item type
          Pakistan Navy Engineering College (PNEC) Pakistan Navy Engineering College (PNEC)       909.821 TIM PNECLIB-016531 09/29/2015   Book
© 2023 Central Library, National University of Sciences and Technology. All Rights Reserved.